New York Rangers Stat Leaders by Year (90-24) - Statistics

General Stats
  • This quiz has been taken 25 times
  • The average score is 101 of 165
Answer Stats
Player % Correct
Goals 23-24 49 Artemi Panarin
100%
Assists 23-24 71 Artemi Panarin
100%
Points 23-24 120 Artemi Panarin
100%
Assists 22-23 63 Artemi Panarin
100%
Points 22-23 92 Artemi Panarin
100%
Assists 21-22 74 Artemi Panarin
100%
Points 21-22 96 Artemi Panarin
100%
Points 20-21 58 Artemi Panarin
100%
Assists 19-20 63 Artemi Panarin
100%
Points 19-20 95 Artemi Panarin
100%
Plus/Minus 19-20 36 Artemi Panarin
100%
Goals 21-22 52 Chris Kreider
95%
Goals 16-17 28 Chris Kreider
95%
Plus/Minus 13-14 14 Chris Kreider
95%
Goals 96-97 36 Mark Messier
95%
Goals 95-96 47 Mark Messier
95%
Points 95-96 99 Mark Messier
95%
Plus/Minus 95-96 29 Mark Messier
95%
Assists 94-95 39 Mark Messier
95%
Points 94-95 53 Mark Messier
95%
Assists 92-93 66 Mark Messier
95%
Points 92-93 91 Mark Messier
95%
Points 91-92 107 Mark Messier
95%
Assists 20-21 42 Adam Fox
90%
Goals 22-23 39 Mika Zibanejad
90%
Plus/Minus 21-22 30 Mika Zibanejad
90%
Goals 20-21 24 Mika Zibanejad
90%
Goals 19-20 41 Mika Zibanejad
90%
Goals 18-19 30 Mika Zibanejad
90%
Assists 18-19 44 Mika Zibanejad
90%
Points 18-19 74 Mika Zibanejad
90%
Goals 17-18 27 Mika Zibanejad
90%
Goals 98-99 38 Adam Graves
86%
Goals 94-95 17 Adam Graves
86%
Plus/Minus 94-95 9 Adam Graves
86%
Goals 93-94 52 Adam Graves
86%
Assists 01-02 45 Brian Leetch
86%
Assists 00-01 58 Brian Leetch
86%
Points 00-01 79 Brian Leetch
86%
Plus/Minus 96-97 31 Brian Leetch
86%
Assists 95-96 70 Brian Leetch
86%
Plus/Minus 93-94 28 Brian Leetch
86%
Assists 91-92 80 Brian Leetch
86%
Assists 90-91 72 Brian Leetch
86%
Points 90-91 88 Brian Leetch
86%
Wins 18-19 18 Henrik Lundqvist
76%
Wins 17-18 26 Henrik Lundqvist
76%
Wins 16-17 31 Henrik Lundqvist
76%
Wins 15-16 35 Henrik Lundqvist
76%
Wins 14-15 30 Henrik Lundqvist
76%
Wins 13-14 33 Henrik Lundqvist
76%
Wins 12-13 24 Henrik Lundqvist
76%
Wins 11-12 39 Henrik Lundqvist
76%
Wins 10-11 36 Henrik Lundqvist
76%
Wins 09-10 35 Henrik Lundqvist
76%
Wins 08-09 38 Henrik Lundqvist
76%
Wins 07-08 37 Henrik Lundqvist
76%
Wins 06-07 37 Henrik Lundqvist
76%
Wins 05-06 30 Henrik Lundqvist
76%
Goals 07-08 25 Jaromír Jágr
76%
Points 07-08 71 Jaromír Jágr
76%
Goals 06-07 30 Jaromír Jágr
76%
Assists 06-07 66 Jaromír Jágr
76%
Points 06-07 96 Jaromír Jágr
76%
Goals 05-06 54 Jaromír Jágr
76%
Assists 05-06 69 Jaromír Jágr
76%
Points 05-06 123 Jaromír Jágr
76%
Goals 14-15 42 Rick Nash
76%
Points 14-15 69 Rick Nash
76%
Plus/Minus 14-15 29 Rick Nash
76%
Goals 13-14 26 Rick Nash
76%
Goals 12-13 21 Rick Nash
76%
Wins 23-24 36 Igor Shesterkin
71%
Wins 22-23 37 Igor Shesterkin
71%
Wins 21-22 36 Igor Shesterkin
71%
Wins 20-21 16 Igor Shesterkin
71%
Wins 01-02 24 Mike Richter
71%
Wins 00-01 20 Mike Richter
71%
Wins 99-00 22 Mike Richter
71%
Wins 98-99 27 Mike Richter
71%
Wins 97-98 21 Mike Richter
71%
Wins 96-97 33 Mike Richter
71%
Wins 95-96 24 Mike Richter
71%
Wins 94-95 14 Mike Richter
71%
Wins 93-94 42 Mike Richter
71%
Wins 90-91 21 Mike Richter
71%
Assists 17-18 37 Mats Zuccarello
67%
Points 17-18 53 Mats Zuccarello
67%
Assists 16-17 44 Mats Zuccarello
67%
Points 16-17 59 Mats Zuccarello
67%
Points 15-16 61 Mats Zuccarello
67%
Assists 13-14 40 Mats Zuccarello
67%
Points 13-14 59 Mats Zuccarello
67%
Assists 98-99 53 Wayne Gretzky
67%
Points 98-99 62 Wayne Gretzky
67%
Assists 97-98 67 Wayne Gretzky
67%
Points 97-98 90 Wayne Gretzky
67%
Assists 96-97 72 Wayne Gretzky
67%
Points 96-97 97 Wayne Gretzky
67%
Plus/Minus 23-24 22 Ryan Lindgren
62%
Plus/Minus 22-23 29 Ryan Lindgren
62%
Plus/Minus 20-21 20 Ryan Lindgren
62%
Assists 12-13 26 Derek Stepan
57%
Points 12-13 44 Derek Stepan
57%
Plus/Minus 12-13 25 Derek Stepan
57%
Wins 19-20 17 Alexandar Georgiev
52%
Goals 92-93 45 Mike Gartner
52%
Goals 91-92 40 Mike Gartner
52%
Goals 90-91 49 Mike Gartner
52%
Goals 11-12 41 Marián Gáborík
48%
Points 11-12 76 Marián Gáborík
48%
Goals 09-10 42 Marián Gáborík
48%
Assists 09-10 44 Marián Gáborík
48%
Points 09-10 86 Marián Gáborík
48%
Plus/Minus 09-10 15 Marián Gáborík
48%
Plus/Minus 08-09 7 Ryan Callahan
48%
Plus/Minus 15-16 26 Ryan McDonagh
48%
Plus/Minus 11-12 25 Ryan McDonagh
48%
Assists 93-94 77 Sergei Zubov
48%
Points 93-94 89 Sergei Zubov
48%
Goals 15-16 27 Derick Brassard
43%
Assists 14-15 41 Derick Brassard
43%
Plus/Minus 17-18 11 Marc Staal
43%
Assists 08-09 42 Scott Gomez
43%
Points 08-09 58 Scott Gomez
43%
Assists 07-08 56 Scott Gomez
43%
Goals 01-02 37 Eric Lindros
38%
Points 01-02 73 Eric Lindros
38%
Plus/Minus 01-02 19 Eric Lindros
38%
Wins 92-93 20 John Vanbiesbrouck
38%
Wins 91-92 27 John Vanbiesbrouck
38%
Assists 11-12 41 Brad Richards
33%
Assists 15-16 42 Keith Yandle
33%
Goals 10-11 24 Brandon Dubinsky
24%
Assists 10-11 30 Brandon Dubinsky
24%
Points 10-11 54 Brandon Dubinsky
24%
Assists 99-00 49 Theo Fleury
24%
Plus/Minus 16-17 22 Michael Grabner
19%
Wins 03-04 16 Mike Dunham
19%
Wins 02-03 19 Mike Dunham
19%
Goals 02-03 27 Petr Nedvěd
19%
Points 02-03 58 Petr Nedvěd
19%
Goals 00-01 32 Petr Nedvěd
19%
Plus/Minus 00-01 10 Petr Nedvěd
19%
Points 99-00 68 Petr Nedvěd
19%
Goals 03-04 25 Bobby Holík
14%
Assists 03-04 31 Bobby Holík
14%
Points 03-04 56 Bobby Holík
14%
Goals 08-09 24 Markus Näslund
14%
Goals 99-00 26 Mike York
14%
Plus/Minus 18-19 6 Tony DeAngelo
14%
Plus/Minus 90-91 15 John Ogrodnick
10%
Plus/Minus 06-07 32 Marek Malík
10%
Plus/Minus 03-04 15 Matthew Barnaby
10%
Goals 97-98 23 Pat LaFontaine
10%
Assists 02-03 37 Tom Poti
10%
Plus/Minus 02-03 13 Cory Cross
5%
Plus/Minus 91-92 34 James Patrick
5%
Plus/Minus 92-93 15 Sergei Nemchinov
5%
Plus/Minus 99-00 3 Jan Hlaváč
0%
Plus/Minus 10-11 20 Michael Sauer
0%
Plus/Minus 05-06 35 Michal Rozsíval
0%
Plus/Minus 07-08 11 Nigel Daws
0%
Plus/Minus 97-98 7 Tim Sweeney
0%
Plus/Minus 98-99 6 Ulf Samuelsson
0%
No matching quizzes found
Score Distribution
Percent of People with Each Score
Percentile by Number Answered
Your Score History
You have not taken this quiz